|
|
|
|
| LEADER |
01822nam a2200457 i 4500 |
| 001 |
EBC1687539 |
| 003 |
MiAaPQ |
| 005 |
20200520144314.0 |
| 006 |
m o d | |
| 007 |
cr cnu|||||||| |
| 008 |
140522t20142014cau o 001 0 eng d |
| 020 |
|
|
|z 9780470923436
|
| 020 |
|
|
|a 9781118910320
|q (electronic bk.)
|
| 035 |
|
|
|a (MiAaPQ)EBC1687539
|
| 035 |
|
|
|a (Au-PeEL)EBL1687539
|
| 035 |
|
|
|a (CaPaEBR)ebr10869688
|
| 035 |
|
|
|a (CaONFJC)MIL608503
|
| 035 |
|
|
|a (OCoLC)879947309
|
| 040 |
|
|
|a MiAaPQ
|b eng
|e rda
|e pn
|c MiAaPQ
|d MiAaPQ
|
| 050 |
|
4 |
|a HD58.8
|b .L565 2014
|
| 082 |
0 |
|
|a 658.4/063
|2 23
|
| 100 |
1 |
|
|a Linkner, Josh,
|d 1970-
|e author.
|
| 245 |
1 |
4 |
|a The road to reinvention :
|b how to drive disruption and accelerate transformation /
|c Josh Linkner.
|
| 250 |
|
|
|a First edition.
|
| 264 |
|
1 |
|a San Francisco, California :
|b Jossey-Bass,
|c 2014.
|
| 264 |
|
4 |
|c 2014
|
| 300 |
|
|
|a 1 online resource (274 pages)
|
| 336 |
|
|
|a text
|2 rdacontent
|
| 337 |
|
|
|a computer
|2 rdamedia
|
| 338 |
|
|
|a online resource
|2 rdacarrier
|
| 500 |
|
|
|a Includes index.
|
| 588 |
|
|
|a Description based on print version record.
|
| 590 |
|
|
|a Electronic reproduction. Ann Arbor, MI : ProQuest, 2015. Available via World Wide Web. Access may be limited to ProQuest affiliated libraries.
|
| 650 |
|
0 |
|a Organizational change.
|
| 650 |
|
0 |
|a Diffusion of innovations.
|
| 650 |
|
0 |
|a New products.
|
| 650 |
|
0 |
|a Strategic planning.
|
| 655 |
|
4 |
|a Electronic books.
|
| 776 |
0 |
8 |
|i Print version:
|a Linkner, Josh, 1970-
|t Road to reinvention : how to drive disruption and accelerate transformation.
|b First edition.
|d San Francisco, California : Jossey-Bass, c2014
|h 260 pages
|z 9780470923436
|w 2014006753
|
| 797 |
2 |
|
|a ProQuest (Firm)
|
| 856 |
4 |
0 |
|u https://ebookcentral.proquest.com/lib/matrademy/detail.action?docID=1687539
|z Click to View
|